Avanza construcción de ciudadanía : 1 /
Guardado en:
| Autor Principal: | |
|---|---|
| Otros Autores: | , , , , |
| Formato: | Libro |
| Publicado: |
Buenos Aires :
Kapelusz,
2017.
|
| Materias: | |
| Etiquetas: |
Agregar Etiqueta
Sin Etiquetas, Sea el primero en etiquetar este registro!
|
| LEADER | 01463nam a22003015a 4500 | ||
|---|---|---|---|
| 001 | CEM.cems019091 | ||
| 008 | 220628s2017##################000#0#####d | ||
| 005 | 20220628170539.0 | ||
| 003 | CEMS | ||
| 245 | 1 | 0 | |a Avanza construcción de ciudadanía : |b 1 / |c Pablo Camogli y otros. |
| 260 | |a Buenos Aires : |b Kapelusz, |c 2017. | ||
| 300 | |a 160 p. | ||
| 500 | |a Lectura crítica de Silvia Vázquez de Fernández. | ||
| 505 | 0 | |a En relación con la reflexión ética -- Identidades -- En relación con el cuidado de uno mismo y de los otros -- La construcción de vínculos y afectos -- En relación con los derechos -- La sociedad y la necesidad de normas -- Los Derechos Humanos y la Constitución nacional -- En relación con la igualdad y la diversidad -- La igualdad y la diversidad en los distintos grupos sociales -- La igualdad y la diversidad en la sociedad y la cultura -- En relación con la ciudadanía y la participación -- Estado, democracia y ciudadanía -- La participación ciudadana -- Taller de fuentes | |
| 020 | |a 9789501312829 | ||
| 100 | 1 | |a Camogli, Pablo. | |
| 700 | 1 | |a Canelo, Silvina. | |
| 700 | 1 | |a Casola, Natalia. | |
| 700 | 1 | |a Melcer, Damián. | |
| 700 | 1 | |a Villalobos, Alfonso de. | |
| 700 | 1 | |a Villegas, Matías. | |
| 082 | 0 | 4 | |a 320 |
| 653 | |a Construcción | ||
| 653 | |a Construcción Ciudadana | ||
| 653 | |a Derechos | ||
| 653 | |a Estado | ||
| 653 | |a Sociedad | ||
| 859 | |a CEMS |b BIB. CEMS - 11 de abril |h 320 |i C149 |p 29324.22 |t Ej. 1 |v 1 | ||
